| 000 | 01310nam a22003497a 4500 | ||
|---|---|---|---|
| 003 | CHAP | ||
| 005 | 20220329142850.0 | ||
| 008 | 041008s2003 mx r 00010 spa d | ||
| 010 | _a88906 | ||
| 011 | _a89878 | ||
| 035 | _a100429 | ||
| 040 | _cCHAP | ||
| 090 | _aFolleto 16805 | ||
| 100 | 1 |
_aPortillo Martínez, Liberato. _991001 |
|
| 245 | 1 | 0 |
_aAlgunos insectos plaga del nopal (Opuntia spp.) _c/por L. Portillo y A.L. Vigueras |
| 260 |
_aZapopan, Jal. : _bUniversidad de Guadalajara. Centro Universitario de Ciencias Biológicas y Agropecuarias, _c2003. |
||
| 300 | _a1 h. | ||
| 590 |
_aBATCH-UPD _b10 _c20130110 _lUCH01 _h0712 |
||
| 590 |
_aBATCH-UPD _b10 _c20130111 _lUCH01 _h0000 |
||
| 590 |
_aBATCH-UPD _b10 _c20150728 _lUCH01 _h1003 |
||
| 590 |
_aBATCH-UPD _b10 _c20150728 _lUCH01 _h1142 |
||
| 590 |
_aCONVERSION _b10 _c20130109 _lUCH01 _h1349 |
||
| 650 | 1 | 4 |
_aControl de plagas. _927595 |
| 650 | 1 | 4 |
_aNopal _xPlagas. _981689 |
| 700 | 1 |
_aVigueras Guzmán, Ana Lilia. _9119326 |
|
| 901 | _aBK | ||
| 905 | _aAlejandra Carrasco M. | ||
| 942 | _cFOLL | ||
| 949 |
_aFolleto 16805 _bBC _cFOLL _d33724002179660 _eTS2 _fc.3 _gDonaciØn _i100429 _sb |
||
| 949 |
_aFolleto 16805 _bBC _cFOLL _d33724002179702 _eTS2 _fc.2 _gDonaciØn _i100429 _sb |
||
| 949 |
_aFolleto 16805 _bBC _cFOLL _d33724002179743 _eTS1 _gDonaciØn _i100429 _sb |
||
| 999 |
_c88906 _d88906 |
||